• 首页
  • 本馆介绍
  • 公告通知
  • 最新文献
  • 馆藏检索
  • 电子资源
  • 读者导购
  • 参考咨询
  • 我的图书馆
  • 登录
  • 详细信息显示
  • 放入我的书架
  • 预约/预借图书
  • 作者相关作品
  • 分类相关作品
  • 丛书相关作品
  • 出版社相关作品

书目信息

  • 表格格式
  • 工作单格式
  • 卡片格式
题名:
高考理科综合科目测试指南
    
 
作者: ;全国知名中学科研联合体 编
分册:  
出版信息: 北京   知识出版社  2000
页数: 270页
开本: 20cm
丛书名:
单 册:
中图分类: G632.479
科图分类:
主题词: 教育--各级
电子资源:
ISBN: 7-5015-2521-8
000 00665nam0 2200193 450
001 0633723072
005 20061010092400.23
010    @a7-5015-2521-8@dCNY10.00
100    @a20061010d2000 km y0chiy0120 ea
101 0  @achi
102    @aCN@b110000
200 1  @a高考理科综合科目测试指南@Agao kao li ke zong he ke mu ce shi zhi nan@f全国知名中学科研联合体编@Fquan guo zhi ming zhong xue ke yan lian he ti bian
210    @a北京@c知识出版社@d2000
215    @a270页@d20cm
606 0  @a教育@x各级
690    @aG632.479@v3
711  0 @a全国知名中学科研联合体@Aquan guo zhi ming zhong xue ke yan lian he ti@4编
801  0 @aCN@bPFT@c20061010
905    @a10447@dG632.479@e113
    
    高考理科综合科目测试指南/全国知名中学科研联合体编.-北京:知识出版社,2000
    270页;20cm
    
    
    ISBN 7-5015-2521-8:CNY10.00
    
●
相关链接 在E读中查询图书 在五车中查询图书 在当当中查询图书 在豆瓣中查询图书


正题名:高考理科综合科目测试指南     索取号:G632.479/113         预约/预借

序号 登录号 条形码 馆藏地/架位号 状态 备注
1 0494369   204943696   密集书库/ [索取号:G632.479/113] 在馆    
唐山师范学院图书馆 欢迎您!
大连网信软件有限公司© 版权所有